Štatistická regulácia v plniacom procese
Realizácia experimentu plniaceho procesu. Model vyhodnotenia experimentálnych dát. Overenie predpokladu normality. Testy normality výberov. Testy rovnosti rozptylov. Použitie korektných metód a praktický význam hypotéz.
Enregistré dans:
| Auteur principal: | |
|---|---|
| Format: | Chapitre de livre |
| Langue: | slovaque |
| Sujets: | |
| Tags: |
Pas de tags, Soyez le premier à ajouter un tag!
|
MARC
| LEADER | 00000naa$a2200000$$$4500 | ||
|---|---|---|---|
| 001 | 0085765 | ||
| 005 | 20220715093947.9 | ||
| 041 | 0 | |a slo | |
| 044 | |a SK | ||
| 245 | 1 | 0 | |a Štatistická regulácia v plniacom procese |c Ivan Janiga |
| 520 | |a Realizácia experimentu plniaceho procesu. Model vyhodnotenia experimentálnych dát. Overenie predpokladu normality. Testy normality výberov. Testy rovnosti rozptylov. Použitie korektných metód a praktický význam hypotéz. | ||
| 610 | 2 | 0 | |a regulácia výroby |
| 610 | 2 | 0 | |a súbory štatistické |
| 610 | 2 | 0 | |a proces výrobný |
| 610 | 2 | 0 | |a experimenty |
| 610 | 2 | 0 | |a testy |
| 610 | 2 | 0 | |a údaje štatistické |
| 610 | 2 | 0 | |a diagramy regulačné |
| 610 | 2 | 0 | |a štatistika aplikovaná |
| 610 | 2 | 0 | |a analýza štatistická |
| 610 | 2 | 0 | |a hypotézy štatistické |
| 610 | 2 | 0 | |a testovanie hypotéz |
| 610 | 2 | 0 | |a štatistika podniková |
| 100 | 1 | |a Janiga, Ivan | |